[Event "4NCL Online Division 5"]
[Site "online"]
[Date "2020.05.19"]
[Round "7.15"]
[White "Khan, Tariqul"]
[Black "Pordes, Ben"]
[Result "1-0"]
[WhiteElo "1900"]
[BlackElo "1555"]
[PlyCount "143"]
[EventDate "2020.05.19"]
[WhiteTeam "East London Knights"]
[BlackTeam "Uxbridge Knights 2"]

1. e4 e6 2. c4 c5 3. Nc3 Nf6 4. Nf3 Nc6 5. Be2 Qb6 6. O-O Be7 7. d3 O-O 8. b3
d6 9. Be3 e5 10. a3 Nd4 11. Bxd4 cxd4 12. Na4 Qc6 13. Nd2 Bd7 14. f4 b5 15. Nb2
bxc4 16. Nbxc4 Qc7 17. fxe5 dxe5 18. Qe1 Ne8 19. Qg3 f6 20. Nf3 Nd6 21. Nh4
Nxc4 22. bxc4 Qc8 23. h3 Rb8 24. Ra2 Rb3 25. Kh2 Rxa3 26. Rb2 a5 27. Rfb1 a4
28. Rb7 Rb3 29. R7xb3 axb3 30. Rxb3 Bc5 31. Bg4 Bxg4 32. Qxg4 Qxg4 33. hxg4 g6
34. Nf3 Kg7 35. Rb7+ Rf7 36. Rb5 Rc7 37. Nd2 h5 38. gxh5 gxh5 39. Nb3 Ba3 40.
Na5 Kg6 41. Rb7 Rc5 42. Rb5 Rxb5 43. cxb5 Bc5 44. Nb7 Bb6 45. Nd6 Kg5 46. Nc4
Bc5 47. b6 Bxb6 48. Nxb6 f5 49. exf5 Kxf5 50. Nc4 e4 51. Nd6+ Kf4 52. Nxe4 Ke3
53. Nc5 Kf4 54. Kh3 Kg5 55. g3 Kf5 56. Kh4 Kg6 57. Nb3 Kh6 58. Nxd4 Kg6 59. Ne6
Kh6 60. d4 Kg6 61. d5 Kf6 62. Nf4 Ke5 63. Kxh5 Kd6 64. g4 Ke7 65. g5 Kf7 66.
g6+ Kg7 67. Kg5 Kg8 68. Kf6 Kf8 69. g7+ Kg8 70. Ng6 Kh7 71. Ne7 Kh6 72. g8=Q
1-0

[Event "4NCL Online Division 5"]
[Site "online"]
[Date "2020.05.19"]
[Round "7.16"]
[White "Smith, Richard"]
[Black "Maraiyesa, Wole"]
[Result "0-1"]
[WhiteElo "1427"]
[BlackElo "1900"]
[PlyCount "72"]
[EventDate "2020.05.19"]
[WhiteTeam "Uxbridge Knights 2"]
[BlackTeam "East London Knights"]

1. c4 Nf6 2. g3 e6 3. Bg2 d5 4. cxd5 exd5 5. e3 c6 6. Ne2 Be7 7. h3 Nbd7 8. d4
Nf8 9. Nbc3 Ng6 10. e4 dxe4 11. Nxe4 O-O 12. O-O Nxe4 13. Bxe4 Bxh3 14. Re1 Be6
15. Qc2 Qd7 16. Be3 Bd6 17. Kh2 f5 18. Bd3 Bd5 19. Bc4 f4 20. Bxd5+ cxd5 21.
gxf4 Qg4 22. Rg1 Qh4+ 23. Kg2 Bxf4 24. Nxf4 Rxf4 25. Bxf4 Nxf4+ 26. Kf1 Re8 27.
f3 Qh3+ 28. Rg2 Qxf3+ 29. Qf2 Qd3+ 30. Kg1 Nh3+ 31. Kh2 Nxf2 32. Rxf2 Re2 33.
Raf1 Qf3 34. Kg1 Qg3+ 35. Kh1 Rxf2 36. Rxf2 Qxf2 0-1

[Event "4NCL Online Division 5"]
[Site "online"]
[Date "2020.05.19"]
[Round "7.17"]
[White "Kamath, Raghu"]
[Black "Hasan, Abu"]
[Result "1-0"]
[WhiteElo "1758"]
[BlackElo "1405"]
[PlyCount "65"]
[EventDate "2020.05.19"]
[WhiteTeam "East London Knights"]
[BlackTeam "Uxbridge Knights 2"]

1. e4 e5 2. f4 d5 3. exd5 exf4 4. Nf3 Bc5 5. d4 Bd6 6. c4 Bg4 7. c5 Qe7+ 8. Qe2
Qxe2+ 9. Bxe2 Be7 10. Bxf4 Nf6 11. Nc3 O-O 12. O-O Na6 13. a3 Rad8 14. Bxa6
bxa6 15. Bxc7 Rc8 16. d6 Bd8 17. Bxd8 Rfxd8 18. Ne5 Be6 19. b4 Ng4 20. d5 Nxe5
21. dxe6 fxe6 22. Rfe1 Ng6 23. Rxe6 Kf7 24. Rae1 Rd7 25. g3 a5 26. h4 h5 27.
Nd5 axb4 28. axb4 a5 29. Nb6 Nxh4 30. gxh4 axb4 31. Nxc8 b3 32. c6 b2 33. R6e2
1-0

[Event "4NCL Online Division 5"]
[Site "online"]
[Date "2020.05.19"]
[Round "7.18"]
[White "Martellotta, Gabriele"]
[Black "Islam, Mohammed"]
[Result "0-1"]
[WhiteElo "1390"]
[BlackElo "1780"]
[PlyCount "50"]
[EventDate "2020.05.19"]
[WhiteTeam "Uxbridge Knights 2"]
[BlackTeam "East London Knights"]

1. c4 c5 2. Nc3 g6 3. Nf3 Bg7 4. d4 cxd4 5. Nxd4 Nc6 6. Nf3 Nf6 7. Bf4 O-O 8.
e3 d6 9. h3 Qb6 10. Qd2 Bf5 11. O-O-O Rfc8 12. Nh4 Be6 13. b3 Nb4 14. Na4 Qa5
15. Kb1 Ne4 16. Qe2 g5 17. f3 Nc3+ 18. Nxc3 Bxc3 19. Bxg5 Qxg5 20. g3 a5 21. a4
d5 22. Qf2 dxc4 23. Rc1 cxb3 24. e4 Qxc1+ 25. Kxc1 Be1+ 0-1

[Event "4NCL Online Division 5"]
[Site "online"]
[Date "2020.05.26"]
[Round "8.11"]
[White "Cheal, Barry A"]
[Black "Dabner, Tom"]
[Result "1/2-1/2"]
[WhiteElo "2193"]
[BlackElo "1690"]
[PlyCount "80"]
[EventDate "2020.05.26"]
[WhiteTeam "Hertford"]
[BlackTeam "Nottingham University 2"]

1. c4 Nf6 2. Nc3 b6 3. d4 Bb7 4. Nf3 d5 5. cxd5 Nxd5 6. g3 e6 7. Bg2 Bb4 8. Bd2
O-O 9. O-O c5 10. Nxd5 Bxd5 11. Bxb4 cxb4 12. Qd3 a5 13. b3 Nd7 14. Rfc1 Nf6
15. h4 Rc8 16. Ng5 g6 17. e4 Bb7 18. Rxc8 Qxc8 19. Rd1 h6 20. Nh3 Qc3 21. Qxc3
bxc3 22. f3 c2 23. Rc1 Rc8 24. Kf2 a4 25. Bf1 axb3 26. axb3 Rc3 27. b4 Bc6 28.
b5 Bd7 29. Nf4 Ne8 30. Ng2 Nd6 31. Ne3 Bxb5 32. Rxc2 Rxc2+ 33. Nxc2 Bxf1 34.
Kxf1 Nc4 35. Ke2 f5 36. Kd3 Nd6 37. Na3 fxe4+ 38. fxe4 b5 39. g4 Kf7 40. e5 b4
1/2-1/2

[Event "4NCL Online Division 5"]
[Site "online"]
[Date "2020.05.26"]
[Round "8.12"]
[White "Kuralla, Kaushik"]
[Black "Buswell, A Mark"]
[Result "1-0"]
[WhiteElo "1585"]
[BlackElo "1810"]
[PlyCount "67"]
[EventDate "2020.05.26"]
[WhiteTeam "Nottingham University 2"]
[BlackTeam "Hertford"]

1. c4 Nf6 2. Nc3 e5 3. Nf3 Nc6 4. e4 g6 5. d4 d6 6. dxe5 dxe5 7. Qxd8+ Nxd8 8.
Nxe5 Bg7 9. Bd3 Nxe4 10. Nxf7 Nxc3 11. Nxh8 Bxh8 12. O-O Na4 13. Rb1 Nc5 14.
Bc2 a5 15. h4 Bf5 16. Bxf5 gxf5 17. Bf4 Nde6 18. Rfe1 Kf7 19. Bh2 h5 20. b3 Bf6
21. g3 Bc3 22. Red1 Bd4 23. Kg2 Ne4 24. Re1 Nxf2 25. Rf1 Ng4 26. Rxf5+ Kg6 27.
Rb5 Ne3+ 28. Kh3 Rf8 29. Bg1 b6 30. Bxe3 Bxe3 31. Re5 Re8 32. Re1 Nf4+ 33. gxf4
Rxe5 34. fxe5 1-0

[Event "4NCL Online Division 5"]
[Site "online"]
[Date "2020.05.26"]
[Round "8.13"]
[White "Judkins, Brian D"]
[Black "Finn, Elizabeth"]
[Result "1-0"]
[WhiteElo "1697"]
[BlackElo "1357"]
[PlyCount "135"]
[EventDate "2020.05.26"]
[WhiteTeam "Hertford"]
[BlackTeam "Nottingham University 2"]

1. e4 e5 2. Nf3 Nc6 3. d4 exd4 4. c3 d5 5. exd5 Qxd5 6. cxd4 Nf6 7. Nc3 Bb4 8.
Be2 O-O 9. O-O Bxc3 10. bxc3 Bg4 11. c4 Qd7 12. d5 Bxf3 13. Bxf3 Ne5 14. Qb3
Rab8 15. Bb2 Qf5 16. Bxe5 Qxe5 17. Rfe1 Qd6 18. Rab1 b6 19. g3 Nd7 20. Qc3 Rfe8
21. Rxe8+ Rxe8 22. Bg2 Re2 23. Rb2 Qe7 24. Rxe2 Qxe2 25. a3 Ne5 26. Bf1 Nf3+
27. Kg2 Ne1+ 28. Kg1 Qe4 29. c5 Nf3+ 30. Kh1 Qxd5 31. cxb6 axb6 32. Qxc7 h6 33.
Qxb6 Qh5 34. Qd8+ Kh7 35. h3 g6 36. Qd7 Ne5 37. Qd5 Qf5 38. Kg2 h5 39. h4 f6
40. a4 Qc8 41. a5 Kg7 42. a6 Qc6 43. Qxc6 Nxc6 44. Kf3 f5 45. Ke3 Kf6 46. Bb5
Na7 47. Ba4 Ke5 48. Be8 Kf6 49. Kd4 g5 50. Bxh5 gxh4 51. gxh4 Ke6 52. Kc5 Kd7
53. Kb6 Nc8+ 54. Kb7 f4 55. Bg4+ Kd6 56. Kxc8 Kc6 57. a7 Kb6 58. a8=Q f3 59.
Bxf3 Kb5 60. h5 Kb4 61. h6 Kb3 62. h7 Kb2 63. h8=Q+ Kb1 64. Qc6 Ka2 65. Qd8 Kb3
66. Qdb6+ Ka3 67. Qc3+ Ka2 68. Qca5# 1-0

[Event "4NCL Online Division 5"]
[Site "online"]
[Date "2020.05.26"]
[Round "8.14"]
[White "Litherland, Jack"]
[Black "Wooster, Nick"]
[Result "0-1"]
[WhiteElo "1300"]
[BlackElo "1690"]
[PlyCount "88"]
[EventDate "2020.05.26"]
[WhiteTeam "Nottingham University 2"]
[BlackTeam "Hertford"]

1. d4 d5 2. Bf4 Nf6 3. Nc3 c6 4. e3 Bf5 5. Nf3 h6 6. Ne5 e6 7. a3 Be7 8. Bd3
Bxd3 9. Qxd3 Nbd7 10. h4 a6 11. O-O-O c5 12. Nxd7 Qxd7 13. dxc5 Bxc5 14. f3 Qc6
15. g4 Rc8 16. g5 Nd7 17. gxh6 gxh6 18. Rhg1 Be7 19. Qd4 Bf6 20. Qd2 Bxc3 21.
bxc3 Qxc3 22. Qxc3 Rxc3 23. Rd3 Rxd3 24. cxd3 e5 25. Bh2 Ke7 26. Kd2 Ke6 27. f4
f6 28. fxe5 fxe5 29. Rg7 Rf8 30. Rg6+ Rf6 31. Rxf6+ Kxf6 32. d4 b5 33. dxe5+
Nxe5 34. Bxe5+ Kxe5 35. Kd3 a5 36. h5 b4 37. axb4 axb4 38. Kc2 Ke4 39. Kb3 Kxe3
40. Kc2 d4 41. Kd1 d3 42. Ke1 b3 43. Kd1 b2 44. Ke1 b1=Q# 0-1

[Event "4NCL Online Division 5"]
[Site "online"]
[Date "2020.05.26"]
[Round "8.21"]
[White "McGettigan, Andrew"]
[Black "Bensoussane, Riyad"]
[Result "1-0"]
[WhiteElo "1723"]
[BlackElo "1720"]
[PlyCount "51"]
[EventDate "2020.05.26"]
[WhiteTeam "CSC 5"]
[BlackTeam "Temple Sutton"]

1. e4 c5 2. Nf3 d6 3. Bb5+ Nc6 4. O-O e5 5. c3 a6 6. Bxc6+ bxc6 7. d4 cxd4 8.
cxd4 Qc7 9. Nc3 exd4 10. Nxd4 Nf6 11. Bg5 Be7 12. Rc1 c5 13. Bxf6 Bxf6 14. Nd5
Qb7 15. Nxf6+ gxf6 16. Nf5 Bxf5 17. exf5 O-O-O 18. Qd2 Rhg8 19. f3 Rg5 20. b4
Rxf5 21. Qc2 Rh5 22. bxc5 dxc5 23. Qa4 Re5 24. Rb1 Qd5 25. Qxa6+ Kd7 26. Rbd1
1-0

[Event "4NCL Online Division 5"]
[Site "online"]
[Date "2020.05.26"]
[Round "8.22"]
[White "Marshall, John R"]
[Black "Mason, Ian"]
[Result "0-1"]
[WhiteElo "1652"]
[BlackElo "1548"]
[PlyCount "48"]
[EventDate "2020.05.26"]
[WhiteTeam "Temple Sutton"]
[BlackTeam "CSC 5"]

1. d4 Nf6 2. c4 e6 3. Nf3 b6 4. g3 Bb7 5. Bg2 Be7 6. O-O O-O 7. Nc3 Ne4 8. Bf4
Nxc3 9. bxc3 d6 10. Rb1 Nc6 11. Rb5 Na5 12. Rh5 f5 13. Ng5 Bxg2 14. Kxg2 Bxg5
15. Bxg5 Qe8 16. e4 fxe4 17. Qg4 Nxc4 18. Qh4 Qg6 19. Re1 d5 20. Bf4 Rxf4 21.
Qxf4 Qxh5 22. Qxc7 Qf3+ 23. Kg1 Rf8 24. Rf1 Ne3 0-1

[Event "4NCL Online Division 5"]
[Site "online"]
[Date "2020.05.26"]
[Round "8.23"]
[White "Wenninger, Maxim"]
[Black "Modhura, Urbi"]
[Result "1-0"]
[WhiteElo "1540"]
[BlackElo "1682"]
[PlyCount "111"]
[EventDate "2020.05.26"]
[WhiteTeam "CSC 5"]
[BlackTeam "Temple Sutton"]

1. e4 e5 2. Nf3 Nc6 3. Bc4 Bc5 4. c3 Nf6 5. d3 h6 6. Bb3 d6 7. h3 O-O 8. Nbd2
Be6 9. Bc2 Qe7 10. Nf1 Rad8 11. Ng3 d5 12. Qe2 dxe4 13. dxe4 Nd7 14. O-O Nb6
15. b3 Ba3 16. Bd2 a5 17. Nh2 Qc5 18. Rab1 Nd4 19. cxd4 Qxc2 20. d5 Bd7 21.
Bxa5 Qxe2 22. Nxe2 Bb5 23. Rfe1 Bc5 24. Rbc1 Bd6 25. Ng4 Ra8 26. Bxb6 cxb6 27.
a4 Bd7 28. Ne3 b5 29. axb5 Bxb5 30. Nc3 Ba6 31. Nc4 Bb4 32. Re3 Bc5 33. Rg3 Bd4
34. Ne2 Ba7 35. Rgc3 f6 36. Ng3 Bd4 37. R3c2 Rac8 38. Nf5 Bc5 39. Ncd6 Bxd6 40.
Rxc8 Ba3 41. Rxf8+ Kxf8 42. Rc7 b6 43. Ra7 Bd3 44. Rxa3 Bxe4 45. Ra8+ Kf7 46.
Nd6+ Kg6 47. Nxe4 f5 48. Nc3 Kf6 49. Ra6 e4 50. Rxb6+ Ke7 51. d6+ Kd7 52. Kf1
g5 53. Ke2 Kc8 54. Nd5 Kd7 55. Nf6+ Kd8 56. Rb8# 1-0

[Event "4NCL Online Division 5"]
[Site "online"]
[Date "2020.05.26"]
[Round "8.24"]
[White "Audhora, Purba"]
[Black "Khoury, Theo"]
[Result "0-1"]
[WhiteElo "1577"]
[BlackElo "1465"]
[PlyCount "85"]
[EventDate "2020.05.26"]
[WhiteTeam "Temple Sutton"]
[BlackTeam "CSC 5"]

1. e4 c5 2. Nf3 d6 3. d4 cxd4 4. Nxd4 Nf6 5. Nc3 a6 6. Bg5 e6 7. Bc4 Be7 8. O-O
b5 9. Bd3 O-O 10. Qf3 Bb7 11. Rfe1 Nbd7 12. Bxf6 Bxf6 13. Nce2 Qb6 14. c3 Ne5
15. Qe3 Rac8 16. h3 Rfd8 17. Bc2 Nc4 18. Qg3 Nxb2 19. Rab1 Nc4 20. Nf3 Na3 21.
Rbc1 Bxc3 22. Nxc3 Rxc3 23. Bb3 Rdc8 24. Rcd1 Rd8 25. Qf4 d5 26. exd5 Bxd5 27.
Bxd5 exd5 28. Re7 Qf6 29. Qxf6 gxf6 30. Ra7 Rc6 31. Ne1 Nc4 32. Nd3 a5 33. Re1
Re6 34. Rb1 b4 35. Nb2 Nxb2 36. Rxb2 d4 37. Rxa5 d3 38. Rd2 Re2 39. Rd1 d2 40.
Kf1 Rde8 41. g3 Re1+ 42. Rxe1 dxe1=Q+ 43. Kg2 0-1

[Event "4NCL Online Division 5"]
[Site "online"]
[Date "2020.05.26"]
[Round "8.31"]
[White "Morrell, Sean"]
[Black "Bailey, Adrian"]
[Result "1-0"]
[WhiteElo "1607"]
[BlackElo "1772"]
[PlyCount "41"]
[EventDate "2020.05.26"]
[WhiteTeam "Watford Juniors A"]
[BlackTeam "Wirral League Wanderers"]

1. e4 c5 2. Nf3 Nc6 3. Bb5 d6 4. Bxc6+ bxc6 5. O-O g6 6. d4 cxd4 7. Qxd4 Nf6 8.
e5 dxe5 9. Qxd8+ Kxd8 10. Nxe5 Be6 11. Nxc6+ Kc7 12. Nd4 Bd5 13. Bf4+ Kb7 14.
Nc3 Bg7 15. Rfe1 e6 16. Be5 Rhc8 17. Ndb5 Ka6 18. Nc7+ Kb6 19. N3xd5+ Nxd5 20.
Nxa8+ Rxa8 21. Bxg7 1-0

[Event "4NCL Online Division 5"]
[Site "online"]
[Date "2020.05.26"]
[Round "8.32"]
[White "Beckett, Phill"]
[Black "Dasgupta, Avyukt"]
[Result "1-0"]
[WhiteElo "1720"]
[BlackElo "1637"]
[PlyCount "127"]
[EventDate "2020.05.26"]
[WhiteTeam "Wirral League Wanderers"]
[BlackTeam "Watford Juniors A"]

1. e4 e6 2. d4 d5 3. Nd2 dxe4 4. Nxe4 Bd7 5. Nf3 Bc6 6. Bd3 Nd7 7. O-O Ngf6 8.
Nxf6+ Nxf6 9. c3 a6 10. Ne5 Qd5 11. f3 Bb5 12. Qe2 Bxd3 13. Qxd3 b5 14. Bg5 Be7
15. a4 O-O 16. b4 h6 17. Bh4 c6 18. Ng4 g5 19. Nxf6+ Bxf6 20. Bg3 e5 21. Qf5
Bg7 22. dxe5 Rfe8 23. f4 gxf4 24. Bxf4 Bxe5 25. Qg4+ Kh7 26. Rad1 Qc4 27. Qf5+
Kg8 28. Bxe5 Qe6 29. Qxe6 Rxe6 30. Bd4 Rg6 31. axb5 axb5 32. Rf2 Re8 33. Rdf1
Re7 34. Bc5 Rd7 35. h3 Rc7 36. Rd1 Kh7 37. Bd4 Rd7 38. Rdf1 Kg8 39. Rf6 Rc7 40.
Re1 Kh7 41. Re8 Rxf6 42. Bxf6 Kg6 43. Bd4 Kh7 44. Rh8+ Kg6 45. Rg8+ Kh7 46.
Rg7+ Kh8 47. Rxf7+ Kg8 48. Rxc7 h5 49. Kf2 Kf8 50. Kf3 Kg8 51. Kf4 Kf8 52. Kf5
Ke8 53. Ke6 Kd8 54. Rh7 Kc8 55. Kd6 h4 56. Kxc6 Kd8 57. Bb6+ Ke8 58. Kd6 Kf8
59. Rb7 Kg8 60. Ke6 Kh8 61. Kf6 Kg8 62. Rc7 Kh8 63. Kg6 Kg8 64. Rc8# 1-0

[Event "4NCL Online Division 5"]
[Site "online"]
[Date "2020.05.26"]
[Round "8.33"]
[White "Nagda, Maanav"]
[Black "Fisher, Peter S"]
[Result "0-1"]
[WhiteElo "1592"]
[BlackElo "1750"]
[PlyCount "90"]
[EventDate "2020.05.26"]
[WhiteTeam "Watford Juniors A"]
[BlackTeam "Wirral League Wanderers"]

1. d4 d5 2. Nc3 e6 3. e4 dxe4 4. Nxe4 Nf6 5. Bg5 Be7 6. Bxf6 Bxf6 7. Nf3 Be7 8.
Bd3 O-O 9. O-O h6 10. c3 b6 11. Qe2 Bb7 12. Rfe1 Nd7 13. Ng3 c5 14. dxc5 Nxc5
15. Rad1 Qc7 16. Bc2 Ba6 17. Qe3 Bb7 18. h3 Rad8 19. Rxd8 Rxd8 20. Qc1 Bd6 21.
Ne2 Ne4 22. Ned4 Nf6 23. a3 a6 24. Bd3 Bf4 25. Qc2 Qd7 26. Rd1 Qc7 27. Re1 b5
28. Rd1 Qb6 29. Ne2 Bb8 30. Ned4 Qc7 31. Re1 Bd5 32. Qe2 Qb7 33. Nd2 Bxg2 34.
h4 Bd5 35. Nc2 Qc7 36. Nf1 Qf4 37. Ng3 Qxh4 38. Kf1 Qh2 39. Qe3 Ng4 40. Qd4
Qg2+ 41. Ke2 Bf3+ 42. Kd2 Rxd4 43. Nb4 Qxf2+ 44. Kc1 Qxe1+ 45. Kc2 Qd1# 0-1

[Event "4NCL Online Division 5"]
[Site "online"]
[Date "2020.05.26"]
[Round "8.34"]
[White "Ray, Hiya"]
[Black "Ghosh, Kabir A"]
[Result "1-0"]
[WhiteElo "1586"]
[BlackElo "1502"]
[PlyCount "65"]
[EventDate "2020.05.26"]
[WhiteTeam "Wirral League Wanderers"]
[BlackTeam "Watford Juniors A"]

1. d4 d5 2. Nf3 e6 3. c4 Nf6 4. g3 c6 5. Bg2 Nbd7 6. O-O Be7 7. b3 O-O 8. Nbd2
b6 9. e3 Bb7 10. Bb2 c5 11. cxd5 exd5 12. Rc1 Rc8 13. Re1 Re8 14. Ne5 Bd6 15.
f4 h6 16. Bh3 Bxe5 17. dxe5 Nh7 18. Nc4 Rb8 19. Nd6 Re7 20. Nxb7 Rxb7 21. Qxd5
Qc7 22. Red1 Nhf8 23. Bg2 Rb8 24. b4 Ne6 25. f5 Nef8 26. f6 gxf6 27. exf6 Re6
28. Qh5 Nxf6 29. Qxh6 Ng6 30. Bd5 Rd6 31. Qxg6+ Kf8 32. Qh6+ Ke8 33. Bxf6 1-0

[Event "4NCL Online Division 5"]
[Site "online"]
[Date "2020.05.26"]
[Round "8.41"]
[White "Jackson, Edward"]
[Black "Hilton, Tim"]
[Result "0-1"]
[WhiteElo "1712"]
[BlackElo "1885"]
[PlyCount "62"]
[EventDate "2020.05.26"]
[WhiteTeam "Manchester Juniors B"]
[BlackTeam "Bolton & Worsley"]

1. e4 e5 2. Nc3 Nf6 3. f4 d5 4. fxe5 Nxe4 5. Qf3 f5 6. d3 Nxc3 7. bxc3 Be6 8.
d4 c5 9. Nh3 Nc6 10. Nf4 Qd7 11. Qf2 Rc8 12. Bd3 g6 13. O-O cxd4 14. cxd4 Nxd4
15. Kh1 Nc6 16. Qh4 Bg7 17. Qg5 O-O 18. Ba3 Rfe8 19. h4 Nxe5 20. Rae1 Nxd3 21.
cxd3 Bf7 22. h5 h6 23. Qg3 g5 24. Nh3 f4 25. Qf2 Be6 26. Kh2 Bxh3 27. gxh3 Qa4
28. Bc1 Rxe1 29. Qxe1 Qe8 30. Qf2 Qxh5 31. Bb2 g4 0-1

[Event "4NCL Online Division 5"]
[Site "online"]
[Date "2020.05.26"]
[Round "8.42"]
[White "Doherty, Paul"]
[Black "Jayawarna, Tarini"]
[Result "1-0"]
[WhiteElo "1738"]
[BlackElo "1520"]
[PlyCount "141"]
[EventDate "2020.05.26"]
[WhiteTeam "Bolton & Worsley"]
[BlackTeam "Manchester Juniors B"]

1. e4 e6 2. a3 d5 3. e5 c5 4. b4 cxb4 5. d4 Nc6 6. axb4 Bxb4+ 7. c3 Be7 8. Bd3
Bd7 9. Ba3 Bxa3 10. Nxa3 Nge7 11. Nb5 O-O 12. f4 a6 13. Nd6 Qc7 14. Nf3 Nc8 15.
Bxh7+ Kh8 16. Nxc8 Bxc8 17. Ng5 g6 18. Qf3 f6 19. exf6 Rxf6 20. Qh3 e5 21. Qh6
Qg7 22. Qxg7+ Kxg7 23. fxe5 Rf5 24. h4 Nd8 25. Ke2 Ne6 26. g3 Nxg5 27. hxg5
Rxg5 28. Kf3 Rf5+ 29. Ke3 Be6 30. Rab1 b5 31. g4 Rg5 32. Rbf1 Rh8 33. Rf6 Bg8
34. Rxa6 Rxh7 35. Rxh7+ Kxh7 36. Kf4 Kh6 37. Ra1 Be6 38. Rh1+ Rh5 39. gxh5 gxh5
40. Rb1 Bd7 41. e6 Bxe6 42. Rxb5 Kg6 43. Rb6 Kf6 44. Kg3 Kf5 45. Kh4 Bf7 46.
Rc6 Ke4 47. Kg5 Kd3 48. Rc8 Be6 49. Rc7 Bg4 50. Kf4 Bh3 51. Ke5 Bg2 52. Rg7 Be4
53. Rg3+ Kc4 54. Kf4 h4 55. Rh3 Bg2 56. Rxh4 Kxc3 57. Ke5 Kc4 58. Rh8 Be4 59.
Rc8+ Kb5 60. Rc5+ Kb6 61. Rxd5 Bxd5 62. Kxd5 Kb7 63. Kd6 Kb8 64. Ke7 Kc7 65. d5
Kc8 66. d6 Kb7 67. d7 Kc6 68. d8=Q Kb5 69. Qc7 Ka6 70. Qb8 Ka5 71. Kd6 1-0

[Event "4NCL Online Division 5"]
[Site "online"]
[Date "2020.05.26"]
[Round "8.43"]
[White "Fairclough, William"]
[Black "Lamb, Ian"]
[Result "1-0"]
[WhiteElo "1412"]
[BlackElo "1568"]
[PlyCount "69"]
[EventDate "2020.05.26"]
[WhiteTeam "Manchester Juniors B"]
[BlackTeam "Bolton & Worsley"]

1. e4 e6 2. Nc3 d5 3. d4 Nf6 4. Bg5 dxe4 5. Nxe4 Be7 6. Nxf6+ Bxf6 7. Bxf6 Qxf6
8. Nf3 c5 9. dxc5 Qxb2 10. Rb1 Qc3+ 11. Qd2 Qxd2+ 12. Nxd2 O-O 13. Bd3 Nc6 14.
O-O Rd8 15. Nf3 Rd5 16. Be4 Rxc5 17. Rfd1 f5 18. Bxc6 Rxc6 19. Rd8+ Kf7 20.
Ne5+ Ke7 21. Nxc6+ bxc6 22. Rd3 Ba6 23. Ra3 Bc4 24. Rb7+ Kf6 25. Raxa7 Rd8 26.
h3 Rd2 27. Rf7+ Ke5 28. Rxg7 Rxc2 29. Rxh7 Rxa2 30. Rxa2 Bxa2 31. h4 Bd5 32. h5
c5 33. h6 Kf6 34. Rc7 c4 35. h7 1-0

[Event "4NCL Online Division 5"]
[Site "online"]
[Date "2020.05.26"]
[Round "8.44"]
[White "Busznyak, Arpad"]
[Black "Jayawarna, Thisumi"]
[Result "1-0"]
[WhiteElo "1570"]
[BlackElo "1316"]
[PlyCount "141"]
[EventDate "2020.05.26"]
[WhiteTeam "Bolton & Worsley"]
[BlackTeam "Manchester Juniors B"]

1. d4 Nf6 2. Nc3 c5 3. d5 e6 4. dxe6 fxe6 5. e4 Nc6 6. Nf3 a6 7. Bg5 Be7 8. a3
Qa5 9. Qd2 O-O 10. Bd3 Qc7 11. O-O b5 12. b3 Bd6 13. h3 Nh5 14. Ne2 Ne5 15.
Nxe5 Bxe5 16. c3 Bb7 17. Rad1 d5 18. exd5 exd5 19. c4 bxc4 20. bxc4 d4 21. Qc2
h6 22. Bh4 Bh2+ 23. Kh1 Nf4 24. Kxh2 Nxe2+ 25. Kh1 Nc3 26. Rde1 Qc6 27. f3 Rae8
28. Bg3 Kh8 29. Rxe8 Rxe8 30. Be1 Qf6 31. Bxc3 dxc3 32. Rc1 Bc8 33. Be4 Qg5 34.
Qxc3 Re5 35. Rd1 Re8 36. Rd5 Qe7 37. Qa5 Bb7 38. Rd1 Bxe4 39. Re1 Qb7 40. fxe4
Kh7 41. Qxc5 Rxe4 42. Qf5+ g6 43. Qxe4 Qxe4 44. Rxe4 Kg7 45. Re6 a5 46. Ra6 Kf7
47. c5 h5 48. c6 Ke7 49. c7 Kd7 50. Rxg6 Kxc7 51. Rg5 h4 52. Rxa5 Kb6 53. Rh5
Ka6 54. Kg1 Kb6 55. Kf2 Kc6 56. Ke3 Kb6 57. Kd4 Kc6 58. a4 Kb6 59. Kc4 Kc6 60.
Rh6+ Kd7 61. Kd5 Kc7 62. a5 Kb7 63. Kc5 Ka7 64. Kb5 Kb7 65. Rh7+ Kb8 66. Kc6
Ka8 67. a6 Kb8 68. a7+ Ka8 69. g4 hxg3 70. Kb6 g2 71. Rh8# 1-0

[Event "4NCL Online Division 5"]
[Site "online"]
[Date "2020.05.26"]
[Round "8.51"]
[White "Millar, Greg F"]
[Black "Krawczuk, Michael J"]
[Result "1-0"]
[WhiteElo "1727"]
[BlackElo "1828"]
[PlyCount "45"]
[EventDate "2020.05.26"]
[WhiteTeam "Maryport Assassins B"]
[BlackTeam "Wessex Some Stars C"]

1. e4 c5 2. Nf3 d6 3. d4 cxd4 4. Nxd4 Nf6 5. Nc3 a6 6. Bc4 e6 7. Bb3 b5 8. O-O
Nbd7 9. Re1 Bb7 10. a4 b4 11. Nd5 a5 12. Bg5 h6 13. Bh4 Ne5 14. Nxf6+ gxf6 15.
Qh5 Ke7 16. Rad1 Rc8 17. f4 Nc6 18. Nf5+ Ke8 19. Bxe6 Rc7 20. e5 Rd7 21. Nxd6+
Bxd6 22. Rxd6 Qe7 23. Bxd7+ 1-0

[Event "4NCL Online Division 5"]
[Site "online"]
[Date "2020.05.26"]
[Round "8.52"]
[White "Chilton, James I"]
[Black "Stone, Ian C"]
[Result "0-1"]
[WhiteElo "1725"]
[BlackElo "1675"]
[PlyCount "106"]
[EventDate "2020.05.26"]
[WhiteTeam "Wessex Some Stars C"]
[BlackTeam "Maryport Assassins B"]

1. d4 Nf6 2. c4 e6 3. Nc3 Bb4 4. Nf3 O-O 5. Bg5 h6 6. Bh4 c5 7. d5 b6 8. e3 Bb7
9. d6 Bxc3+ 10. bxc3 Nc6 11. Bd3 e5 12. Be4 Re8 13. O-O Na5 14. Bxb7 Nxb7 15.
Bg3 e4 16. Nh4 Re6 17. f3 Nh5 18. Nf5 Nxg3 19. hxg3 Qf8 20. fxe4 Nxd6 21. e5
Nxc4 22. Rf4 Nxe5 23. Rh4 Ng6 24. Rh3 Ne7 25. g4 Nxf5 26. gxf5 Rd6 27. Qh5 Qe7
28. g4 Rd2 29. Rf1 Qg5 30. Qxg5 hxg5 31. f6 gxf6 32. Rh5 Kg7 33. Rf3 Rh8 34.
Rxh8 Kxh8 35. Rxf6 Kg7 36. Rf5 Kg6 37. e4 d6 38. a3 f6 39. Kf1 b5 40. Ke1 Rd3
41. Ke2 Rxc3 42. Rd5 Rc4 43. Kd3 Kf7 44. Rxd6 Ra4 45. Rd5 Rxa3+ 46. Kc2 Re3 47.
Rxc5 Rxe4 48. Rxb5 Rxg4 49. Rb7+ Kg6 50. Rxa7 Rd4 51. Kc3 Rd8 52. Ra4 f5 53.
Rd4 Rxd4 0-1

[Event "4NCL Online Division 5"]
[Site "online"]
[Date "2020.05.26"]
[Round "8.53"]
[White "Clough, Fred"]
[Black "Pankaj Tomar"]
[Result "0-1"]
[WhiteElo "1660"]
[BlackElo "1525"]
[PlyCount "62"]
[EventDate "2020.05.26"]
[WhiteTeam "Maryport Assassins B"]
[BlackTeam "Wessex Some Stars C"]

1. e4 e6 2. d4 d5 3. e5 c5 4. c3 Nc6 5. Nf3 Bd7 6. Bd3 cxd4 7. cxd4 Qb6 8. O-O
Nxd4 9. Nxd4 Qxd4 10. Qe2 Ne7 11. Be3 Qxe5 12. f4 Qd6 13. Nc3 a6 14. Rad1 f5
15. Kh1 Rc8 16. Bd4 h5 17. Qf2 Nc6 18. Be5 Nxe5 19. fxe5 Qc5 20. Qg3 Kf7 21.
Ne4 dxe4 22. Bxe4 Bb5 23. Bxb7 Rc7 24. Be4 Bxf1 25. Rxf1 g6 26. h3 Bg7 27. Qd3
Bxe5 28. Bf3 Qc4 29. Be4 Qxd3 30. Bxd3 Bxb2 31. Bxa6 Ra8 0-1

[Event "4NCL Online Division 5"]
[Site "online"]
[Date "2020.05.26"]
[Round "8.54"]
[White "Cuthbert, Larissa"]
[Black "McAtear, Andrew G"]
[Result "0-1"]
[WhiteElo "1010"]
[BlackElo "1600"]
[PlyCount "118"]
[EventDate "2020.05.26"]
[WhiteTeam "Wessex Some Stars C"]
[BlackTeam "Maryport Assassins B"]

1. e4 e5 2. Nf3 Nc6 3. Bc4 Nf6 4. Ng5 d5 5. exd5 Na5 6. Bb5+ c6 7. dxc6 bxc6 8.
Ba4 Be7 9. Nc3 O-O 10. d3 h6 11. Nf3 Qc7 12. Be3 Bg4 13. Qd2 Rfd8 14. O-O-O Nc4
15. Qe2 Nxe3 16. fxe3 Rab8 17. h3 Be6 18. g4 Nd5 19. Ne4 Qb6 20. c3 Qxe3+ 21.
Qxe3 Nxe3 22. Rde1 Ng2 23. Reg1 Nf4 24. Nxe5 Nxd3+ 25. Nxd3 Rxd3 26. Bxc6 Bxa2
27. g5 hxg5 28. Nxg5 Rbd8 29. Be4 Bxg5+ 30. Rxg5 Re3 31. Bd5 Rxd5 32. Rg4 Red3
33. h4 Bb3 34. Rgg1 Ra5 35. Kb1 Bd5 36. Kc2 Be4 37. Kb3 Bxh1 38. Rxh1 Rd2 39.
h5 Rb5+ 40. Kc4 Rbxb2 41. h6 g5 42. h7+ Kh8 43. Rh5 Rg2 44. Kd5 f5 45. Ke6 f4
46. Kf7 Rb7+ 47. Kg6 Rg7+ 48. Kf5 f3 49. Rh1 f2 50. Rf1 Rg1 51. Rxf2 Rf7+ 52.
Ke4 Rxf2 53. c4 Rg4+ 54. Kd5 Rd2+ 55. Kc5 Rc2 56. Kb5 Rgxc4 57. Ka6 Rb2 58. Ka5
Rc1 59. Ka4 Ra1# 0-1